[Event "San Vicente op 8th"]
[Site "San Vicente"]
[Date "2024.03.27"]
[Round "1"]
[White "Kourkoulos Arditis, Stamatis"]
[Black "Fernandez Aguilar, Francisco"]
[Result "1-0"]
[WhiteElo "2556"]
[BlackElo "2065"]
[PlyCount "67"]
[EventDate "2024.03.27"]
[EventType "swiss"]
[EventRounds "9"]
[EventCountry "ESP"]
[SourceTitle "CB14_2024"]
[SourceDate "2024.04.01"]
[SourceVersion "1"]
[SourceVersionDate "2024.04.01"]
[SourceQuality "1"]

1. Nf3 d5 2. g3 Nc6 3. d4 Bf5 4. Bg2 Nb4 5. Na3 e6 6. 0-0 Be7 7. Ne5 f6 8. Nd3 Nxd3 9. cxd3 c6 10. Nc2 Bd6 11. e4 Bg6 12. Re1 Ne7 13. h4 0-0 14. h5 Be8 15. h6 g6 16. e5 fxe5 17. dxe5 Bc5 18. d4 Bb6 19. Bg5 Bd7 20. b4 Qe8 21. Qd2 Nf5 22. g4 Ne7 23. Bf6 Bd8 24. Bh3 Nc8 25. g5 Ne7 26. Ne3 Nf5 27. Ng2 Qf7 28. Nf4 Re8 29. a4 a6 30. Re2 Bb6 31. Bxf5 exf5 32. e6 Bxe6 33. Rae1 Bd7 34. Re7 1-0

[Event "Barbera del Valles op 44th"]
[Site "Barbera del Valles"]
[Date "2022.07.07"]
[Round "4"]
[White "Fernandez Aguilar, Francisco"]
[Black "Sort Sererols, Josep"]
[Result "1/2-1/2"]
[WhiteElo "2144"]
[BlackElo "1985"]
[PlyCount "62"]
[EventDate "2022.07.04"]
[EventType "swiss"]
[EventRounds "9"]
[EventCountry "ESP"]
[SourceTitle "EXT 2023"]
[Source "ChessBase"]
[SourceDate "2022.10.05"]
[SourceVersion "1"]
[SourceVersionDate "2022.10.05"]
[SourceQuality "1"]

1. Nf3 d6 2. d4 g6 3. c4 Bg7 4. Nc3 e5 5. dxe5 dxe5 6. Qxd8+ Kxd8 7. Bg5+ f6 8. 0-0-0+ Ke8 9. Nb5 Na6 10. Be3 Bh6 11. Bxh6 Nxh6 12. e3 Ke7 13. a3 Ng4 14. Rd2 Rd8 15. Re2 Nc5 16. Ne1 c6 17. Nc3 Be6 18. f3 Nh6 19. Rf2 a5 20. g4 e4 21. h3 f5 22. fxe4 fxe4 23. Bg2 Bxc4 24. Nxe4 Nb3+ 25. Kc2 a4 26. Kc3 Bb5 27. Nd2 Nxd2 28. Rxd2 Rxd2 29. Kxd2 Rd8+ 30. Kc3 Rd1 31. Kc2 Rd6 1/2-1/2

[Event "Barbera del Valles op 44th"]
[Site "Barbera del Valles"]
[Date "2022.07.04"]
[Round "1"]
[White "Lozano Casasayas, Marc"]
[Black "Fernandez Aguilar, Francisco"]
[Result "1/2-1/2"]
[WhiteElo "1822"]
[BlackElo "2144"]
[PlyCount "73"]
[EventDate "2022.07.04"]
[EventType "swiss"]
[EventRounds "9"]
[EventCountry "ESP"]
[SourceTitle "EXT 2023"]
[Source "ChessBase"]
[SourceDate "2022.10.05"]
[SourceVersion "1"]
[SourceVersionDate "2022.10.05"]
[SourceQuality "1"]

1. e4 e5 2. d4 exd4 3. Qxd4 Nc6 4. Qd3 Nf6 5. Nc3 d5 6. Nxd5 Nxd5 7. exd5 Nb4 8. Qe4+ Qe7 9. Qxe7+ Bxe7 10. Bb5+ Bd7 11. Bxd7+ Kxd7 12. Kd1 Nxd5 13. c4 Nb4 14. Be3 Rad8 15. Nf3 Kc8+ 16. Ke2 Bf6 17. Rab1 a6 18. a3 Nc2 19. Rhc1 Nxe3 20. fxe3 Rhe8 21. b4 h5 22. b5 Re6 23. Rb3 g5 24. bxa6 Rxa6 25. Rcb1 g4 26. Nd2 b6 27. Ne4 Be7 28. Ra1 Ra4 29. Rc1 Rxa3 30. Rxa3 Bxa3 31. Rf1 Re8 32. Kd3 Rd8+ 33. Ke2 Bd6 34. Nxd6+ Rxd6 35. Rxf7 Rc6 36. Kd3 Rc5 37. Rh7 1/2-1/2

[Event "Catalunya-chT Gp2"]
[Site "Barcelona"]
[Date "2022.02.19"]
[Round "5.10"]
[White "Fernandez Aguilar, Francisco"]
[Black "Barberans Sola, Sebastian"]
[Result "1-0"]
[WhiteElo "2136"]
[BlackElo "1830"]
[PlyCount "33"]
[EventDate "2022.01.22"]
[EventType "team-tourn"]
[EventRounds "9"]
[EventCountry "ESP"]
[SourceTitle "CBM 208 Extra"]
[Source "ChessBase"]
[SourceDate "2022.07.31"]
[SourceVersion "1"]
[SourceVersionDate "2022.07.31"]
[SourceQuality "1"]
[WhiteTeam "Colon Sabadell"]
[BlackTeam "Salauris"]
[WhiteTeamCountry "ESP"]
[BlackTeamCountry "ESP"]

1. Nf3 d5 2. d4 Nc6 3. Bf4 Nf6 4. e3 e6 5. Nbd2 Nh5 6. Bg3 Nxg3 7. hxg3 Qf6 8. c3 e5 9. Bb5 exd4 10. cxd4 Bd7 11. Qb3 a6 12. Bxc6 Bxc6 13. Ne5 Be7 14. Rc1 0-0 15. Nxc6 bxc6 16. Qc2 Rab8 17. Qxh7# 1-0

[Event "Canovelles op"]
[Site "Canovelles"]
[Date "2021.12.30"]
[Round "6"]
[White "Parra Ordorica, Arnau"]
[Black "Fernandez Aguilar, Francisco"]
[Result "1/2-1/2"]
[WhiteElo "1901"]
[BlackElo "2142"]
[PlyCount "102"]
[EventDate "2021.12.27"]
[EventType "swiss"]
[EventRounds "7"]
[EventCountry "ESP"]
[SourceTitle "CBM 206 Extra"]
[Source "ChessBase"]
[SourceDate "2022.03.31"]
[SourceVersion "1"]
[SourceVersionDate "2022.03.31"]
[SourceQuality "1"]

1. d4 d5 2. c4 c6 3. Nf3 Nf6 4. Nc3 dxc4 5. a4 Bf5 6. e3 e6 7. Bxc4 Bb4 8. 0-0 0-0 9. Bd3 Bxd3 10. Qxd3 Nbd7 11. Qc4 Bd6 12. e4 e5 13. Bg5 Qe7 14. Rfe1 exd4 15. Qxd4 Ne5 16. Nxe5 Bxe5 17. Qd2 Rad8 18. Qe2 a5 19. f4 Bxc3 20. bxc3 Rde8 21. e5 Qc5+ 22. Kh1 Nd5 23. Qg4 f5 24. exf6 Qxc3 25. f7+ Kxf7 26. Qh5+ Kg8 27. Qxe8 Rxe8 28. Rxe8+ Kf7 29. Rae1 b5 30. axb5 cxb5 31. R8e5 a4 32. Rd1 Nf6 33. Bxf6 gxf6 34. Rxb5 a3 35. Rbb1 a2 36. Ra1 Qb2 37. Rf1 Kg6 38. Kg1 Qd4+ 39. Kh1 Qb2 40. Kg1 Kf5 41. h3 h5 42. Kh1 Kg6 43. Kh2 Kf7 44. Kh1 Ke6 45. Kh2 Kd5 46. Kh1 Ke4 47. Kh2 Kf5 48. Kh1 h4 49. Kh2 Kg6 50. Kh1 Qc2 51. Kh2 Qb2 1/2-1/2

[Event "Canovelles op"]
[Site "Canovelles"]
[Date "2021.12.29"]
[Round "4"]
[White "Ordinola Capcha, Juan"]
[Black "Fernandez Aguilar, Francisco"]
[Result "1/2-1/2"]
[WhiteElo "1992"]
[BlackElo "2142"]
[PlyCount "71"]
[EventDate "2021.12.27"]
[EventType "swiss"]
[EventRounds "7"]
[EventCountry "ESP"]
[SourceTitle "CBM 206 Extra"]
[Source "ChessBase"]
[SourceDate "2022.03.31"]
[SourceVersion "1"]
[SourceVersionDate "2022.03.31"]
[SourceQuality "1"]

1. e4 e5 2. Nf3 Nc6 3. Nc3 Nf6 4. Bb5 Bb4 5. 0-0 0-0 6. d3 d6 7. Bg5 Ne7 8. Bxf6 gxf6 9. Nh4 Ng6 10. Nxg6 hxg6 11. Bc4 c6 12. f4 Bc5+ 13. Kh1 a5 14. f5 g5 15. Qh5 Kg7 16. Rf3 d5 17. Rh3 Rh8 18. Qxh8+ Qxh8 19. Rxh8 Kxh8 20. Bb3 Bd4 21. a4 Bxc3 22. bxc3 Kg7 23. Rd1 b6 24. exd5 Bb7 25. dxc6 Bxc6 26. c4 g4 27. d4 Be4 28. Re1 Bxf5 29. dxe5 fxe5 30. Rxe5 Rd8 31. Kg1 Rd1+ 32. Kf2 Kf6 33. Re1 Rxe1 34. Kxe1 Ke5 35. Kf2 Be4 36. c3 1/2-1/2

[Event "Canovelles op"]
[Site "Canovelles"]
[Date "2021.12.28"]
[Round "2"]
[White "Brugarolas Manzaneque, Carlos"]
[Black "Fernandez Aguilar, Francisco"]
[Result "0-1"]
[WhiteElo "1879"]
[BlackElo "2142"]
[PlyCount "74"]
[EventDate "2021.12.27"]
[EventType "swiss"]
[EventRounds "7"]
[EventCountry "ESP"]
[SourceTitle "CBM 206 Extra"]
[Source "ChessBase"]
[SourceDate "2022.03.31"]
[SourceVersion "1"]
[SourceVersionDate "2022.03.31"]
[SourceQuality "1"]

1. e4 e5 2. Nf3 Nc6 3. Nc3 Nf6 4. Bb5 Bb4 5. 0-0 0-0 6. d3 d6 7. Bg5 Bxc3 8. bxc3 Ne7 9. Nh4 Ng6 10. Nxg6 fxg6 11. Bc4+ Kh8 12. Qd2 Qe7 13. Rab1 b6 14. f4 exf4 15. Rxf4 Be6 16. Bb3 Bxb3 17. axb3 Qe5 18. Bxf6 Rxf6 19. Rbf1 a5 20. d4 Qe7 21. Qd3 Raf8 22. g3 Rxf4 23. Rxf4 Rxf4 24. gxf4 Qh4 25. Qe3 Qg4+ 26. Kf2 Qd1 27. Qe2 Qh1 28. Qa6 Qc1 29. Kf3 Qh1+ 30. Kg3 h5 31. Qc8+ Kh7 32. Qxc7 Qg1+ 33. Kf3 Qxh2 34. Qxd6 h4 35. Qe6 Qg3+ 36. Ke2 h3 37. f5 h2 0-1

[Event "Barcelona CC FIDE April"]
[Site "Barcelona"]
[Date "2021.06.19"]
[Round "9"]
[White "Alvarez Albiol, Victor"]
[Black "Fernandez Aguilar, Francisco"]
[Result "1-0"]
[WhiteElo "2246"]
[BlackElo "2186"]
[PlyCount "53"]
[EventDate "2021.04.24"]
[EventType "tourn"]
[EventRounds "9"]
[EventCountry "ESP"]
[SourceTitle "EXT 2022"]
[Source "ChessBase"]
[SourceDate "2021.10.06"]
[SourceVersion "1"]
[SourceVersionDate "2021.10.06"]
[SourceQuality "1"]

1. e4 e5 2. Nf3 Nc6 3. Nc3 Nf6 4. g3 d5 5. exd5 Nxd5 6. Bg2 Nxc3 7. bxc3 Bc5 8. 0-0 0-0 9. d3 Bg4 10. h3 Bh5 11. Rb1 Bb6 12. g4 Bg6 13. Ng5 Qd7 14. Ba3 Rfe8 15. Qf3 Nd8 16. h4 h6 17. h5 Bxd3 18. cxd3 hxg5 19. Rfe1 Re6 20. Qe4 Nc6 21. Qf5 Ne7 22. Qxg5 Rf6 23. Rb2 Nc6 24. Be4 Rf4 25. Bf5 Qd5 26. h6 g6 27. Qf6 1-0

[Event "Barcelona CC FIDE April"]
[Site "Barcelona"]
[Date "2021.05.01"]
[Round "2"]
[White "Martin Barcelo, Carles"]
[Black "Fernandez Aguilar, Francisco"]
[Result "1-0"]
[WhiteElo "2201"]
[BlackElo "2186"]
[PlyCount "107"]
[EventDate "2021.04.24"]
[EventType "tourn"]
[EventRounds "9"]
[EventCountry "ESP"]
[SourceTitle "EXT 2022"]
[Source "ChessBase"]
[SourceDate "2021.10.06"]
[SourceVersion "1"]
[SourceVersionDate "2021.10.06"]
[SourceQuality "1"]

1. e4 e5 2. Nf3 Nc6 3. Bc4 Bc5 4. c3 d6 5. d4 exd4 6. cxd4 Bb6 7. Bb5 Bd7 8. 0-0 Nge7 9. Nc3 0-0 10. h3 d5 11. e5 a6 12. Ba4 Nb4 13. a3 Bxa4 14. Nxa4 Nbc6 15. Nxb6 cxb6 16. Bg5 Qd7 17. Bxe7 Qxe7 18. Qb3 Qe6 19. Qd3 h6 20. Nh4 Rac8 21. f4 f5 22. g4 Ne7 23. Kh1 g6 24. Rg1 Kh8 25. Rg2 Rg8 26. Rag1 b5 27. Rg3 Rcf8 28. R1g2 g5 29. gxf5 Nxf5 30. Nxf5 Rxf5 31. fxg5 Rfxg5 32. Rxg5 Rxg5 33. Rxg5 hxg5 34. Qf3 Qc6 35. Qh5+ Kg7 36. Qxg5+ Kh7 37. Qf5+ Kg8 38. Kg2 Qc1 39. Qg6+ Kh8 40. Qf6+ Kh7 41. Qh4+ Kg6 42. Qf2 Kh6 43. Kh2 a5 44. Qf6+ Kh5 45. Qh8+ Kg5 46. Qg7+ Kh5 47. Qf7+ Kg5 48. Qf2 Kh6 49. h4 b4 50. axb4 axb4 51. Kg3 Kg7 52. Qf6+ Kh7 53. Qf7+ Kh8 54. Qh5+ 1-0

[Event "Barcelona CC FIDE April"]
[Site "Barcelona"]
[Date "2021.04.24"]
[Round "1"]
[White "Fernandez Aguilar, Francisco"]
[Black "Alcala Gonzalez, Cesar"]
[Result "1-0"]
[WhiteElo "2186"]
[BlackElo "2110"]
[PlyCount "77"]
[EventDate "2021.04.24"]
[EventType "tourn"]
[EventRounds "9"]
[EventCountry "ESP"]
[SourceTitle "EXT 2022"]
[Source "ChessBase"]
[SourceDate "2021.10.06"]
[SourceVersion "1"]
[SourceVersionDate "2021.10.06"]
[SourceQuality "1"]

1. d4 d5 2. c4 c6 3. Nf3 Nf6 4. e3 Bf5 5. cxd5 cxd5 6. Qb3 Qc7 7. Bd2 Nc6 8. Bb5 e6 9. 0-0 Bd6 10. Bb4 0-0 11. Bxd6 Qxd6 12. Bxc6 Qxc6 13. Ne5 Qc7 14. Nc3 Rfc8 15. f3 Rd8 16. Nb5 Qb6 17. Rfc1 Rac8 18. Nc3 Qc7 19. Qa3 b5 20. b3 Qb6 21. Qb4 Rb8 22. Ne2 Rdc8 23. g4 a5 24. Qd2 Bg6 25. g5 Nh5 26. Nd7 Qd8 27. Nxb8 Qxg5+ 28. Ng3 Rxb8 29. f4 Qg4 30. Qe2 Qxe2 31. Nxe2 Nf6 32. Rc6 Ng4 33. Rac1 Rf8 34. Rc8 Nxe3 35. R1c5 Bh5 36. Ng3 Bd1 37. Kf2 Ng4+ 38. Ke1 Bf3 39. h3 1-0

[Event "Barcelona Canovelles op"]
[Site "Barcelona"]
[Date "2020.12.30"]
[Round "5"]
[White "Parra Ordorica, Arnau"]
[Black "Fernandez Aguilar, Francisco"]
[Result "0-1"]
[WhiteElo "1796"]
[BlackElo "2178"]
[PlyCount "72"]
[EventDate "2020.12.27"]
[EventType "swiss"]
[EventRounds "7"]
[EventCountry "ESP"]
[SourceTitle "CBM 200 Extra"]
[Source "ChessBase"]
[SourceDate "2021.03.31"]
[SourceVersion "1"]
[SourceVersionDate "2021.03.31"]
[SourceQuality "1"]

1. Nf3 d5 2. c4 c6 3. b3 Nf6 4. Bb2 Bg4 5. d3 e6 6. Nbd2 Be7 7. cxd5 cxd5 8. e3 Nc6 9. Be2 0-0 10. Ne5 Bxe2 11. Qxe2 Nxe5 12. Bxe5 Nd7 13. Bb2 Rc8 14. 0-0 Rc2 15. Rab1 Qc7 16. Rfc1 Rc8 17. Qd1 Bf6 18. d4 e5 19. Nf3 exd4 20. exd4 Nf8 21. Ne1 Rc6 22. Rxc6 Qxc6 23. Rc1 Qe6 24. Rxc8 Qxc8 25. Nc2 Bg5 26. Nb4 Qe6 27. Nd3 Qa6 28. Nb4 Qd6 29. Bc3 Ne6 30. Qf3 Nxd4 31. Qxd5 Qg6 32. Qe5 Nf3+ 33. gxf3 Bf4+ 34. Kf1 Bxe5 35. Bxe5 a5 36. Nd5 Qd3+ 0-1

[Event "Barcelona Canovelles op"]
[Site "Barcelona"]
[Date "2020.12.28"]
[Round "3"]
[White "Benet Saniger, Xavier"]
[Black "Fernandez Aguilar, Francisco"]
[Result "0-1"]
[WhiteElo "1762"]
[BlackElo "2178"]
[PlyCount "62"]
[EventDate "2020.12.27"]
[EventType "swiss"]
[EventRounds "7"]
[EventCountry "ESP"]
[SourceTitle "CBM 200 Extra"]
[Source "ChessBase"]
[SourceDate "2021.03.31"]
[SourceVersion "1"]
[SourceVersionDate "2021.03.31"]
[SourceQuality "1"]

1. d4 d5 2. c4 c6 3. cxd5 cxd5 4. Nc3 Nf6 5. Bg5 Ne4 6. Bf4 Nxc3 7. bxc3 Nc6 8. h3 e6 9. Nf3 Bd6 10. Bxd6 Qxd6 11. e3 0-0 12. Bd3 b6 13. 0-0 Bb7 14. c4 dxc4 15. Bxc4 Rac8 16. Rc1 Rc7 17. Bd3 Rfc8 18. Ng5 h6 19. Ne4 Qa3 20. Bb1 Nb4 21. Rxc7 Rxc7 22. Qb3 Qxb3 23. axb3 Bd5 24. Nd2 Rc3 25. Kh2 Kf8 26. g4 a5 27. Kg3 Ke7 28. Kh2 Kd7 29. Rg1 Bxb3 30. Nxb3 Rxb3 31. Be4 a4 0-1

[Event "Barcelona Canovelles op"]
[Site "Barcelona"]
[Date "2020.12.27"]
[Round "1"]
[White "Chiva Perez, Jordi"]
[Black "Fernandez Aguilar, Francisco"]
[Result "0-1"]
[WhiteElo "1502"]
[BlackElo "2178"]
[PlyCount "38"]
[EventDate "2020.12.27"]
[EventType "swiss"]
[EventRounds "7"]
[EventCountry "ESP"]
[SourceTitle "CBM 200 Extra"]
[Source "ChessBase"]
[SourceDate "2021.03.31"]
[SourceVersion "1"]
[SourceVersionDate "2021.03.31"]
[SourceQuality "1"]

1. e4 e5 2. Nf3 Nc6 3. Bb5 a6 4. Ba4 Nf6 5. d3 b5 6. Bb3 Bc5 7. c3 d6 8. 0-0 h6 9. Nbd2 Bb6 10. Re1 g5 11. Nf1 Nh5 12. Bd5 Bd7 13. Nd4 exd4 14. Qxh5 Qf6 15. c4 Ne5 16. Qe2 c6 17. c5 dxc5 18. Bb3 c4 19. Bc2 c5 0-1

[Event "Barcelona FM 08"]
[Site "Barcelona"]
[Date "2020.08.18"]
[Round "8"]
[White "Sanchez Lopez, Juan Manuel"]
[Black "Fernandez Aguilar, Francisco"]
[Result "0-1"]
[WhiteElo "2100"]
[BlackElo "2151"]
[PlyCount "48"]
[EventDate "2020.08.11"]
[EventType "tourn"]
[EventRounds "9"]
[EventCountry "ESP"]
[SourceTitle "EXT 2021"]
[Source "ChessBase"]
[SourceDate "2020.10.23"]
[SourceVersion "1"]
[SourceVersionDate "2020.10.23"]
[SourceQuality "1"]

1. c4 c6 2. g3 d5 3. cxd5 cxd5 4. d4 Nf6 5. Bg2 Nc6 6. Nf3 Bf5 7. 0-0 e6 8. Nc3 Bd6 9. Nh4 Bg4 10. Bg5 h6 11. Bxf6 Qxf6 12. Qb3 0-0 13. Qxb7 Nxd4 14. Qa6 Bb4 15. Nf3 Bxc3 16. bxc3 Nxf3+ 17. exf3 Bxf3 18. Qd3 Bxg2 19. Kxg2 Rfc8 20. Rac1 Rc4 21. Rfe1 Rac8 22. Re3 d4 23. Rf3 Qg5 24. Rc2 Qd5 0-1

[Event "Barcelona FM 08"]
[Site "Barcelona"]
[Date "2020.08.12"]
[Round "2"]
[White "Fernandez Egea, Andres"]
[Black "Fernandez Aguilar, Francisco"]
[Result "0-1"]
[WhiteElo "1869"]
[BlackElo "2151"]
[PlyCount "52"]
[EventDate "2020.08.11"]
[EventType "tourn"]
[EventRounds "9"]
[EventCountry "ESP"]
[SourceTitle "EXT 2021"]
[Source "ChessBase"]
[SourceDate "2020.10.23"]
[SourceVersion "1"]
[SourceVersionDate "2020.10.23"]
[SourceQuality "1"]

1. e4 e5 2. Nf3 Nc6 3. Bb5 a6 4. Ba4 Nf6 5. Qe2 b5 6. Bb3 Bc5 7. c3 d6 8. d3 h6 9. h3 Bb6 10. a3 Ne7 11. d4 Ng6 12. 0-0 0-0 13. dxe5 dxe5 14. Be3 Qe7 15. Bxb6 cxb6 16. Qe3 Nh5 17. Kh2 Nhf4 18. Nbd2 Rd8 19. Rad1 Nxg2 20. Kxg2 Nf4+ 21. Kg3 Rd3 22. Nb1 Rxe3 23. fxe3 Nxh3 24. Rd5 Ng5 25. Rxe5 Qc7 26. Kh4 Nxf3+ 0-1

[Event "Barcelonca Manana FM"]
[Site "Barcelona"]
[Date "2020.08.08"]
[Round "8.4"]
[White "Serrano Batova, Vicent"]
[Black "Fernandez Aguilar, Francisco"]
[Result "0-1"]
[WhiteElo "1826"]
[BlackElo "2151"]
[PlyCount "84"]
[EventDate "2020.08.01"]
[EventType "tourn"]
[EventRounds "9"]
[EventCountry "ESP"]
[SourceTitle "EXT 2024"]
[Source "ChessBase"]
[SourceDate "2023.10.10"]
[SourceVersion "1"]
[SourceVersionDate "2023.10.10"]
[SourceQuality "1"]

1. d4 d5 2. Nf3 Nf6 3. e3 c6 4. c4 Bg4 5. Qb3 Qb6 6. Ne5 Bf5 7. c5 Qc7 8. Bd3 Bxd3 9. Qxd3 Nbd7 10. f4 e6 11. Nc3 Be7 12. 0-0 0-0 13. b4 Nxe5 14. fxe5 Nd7 15. e4 a5 16. exd5 exd5 17. b5 b6 18. Bf4 Qb7 19. cxb6 Nxb6 20. bxc6 Qxc6 21. Rab1 Rfc8 22. Ne2 Qc2 23. Nc1 Na4 24. Rb7 Bd8 25. Qb5 Qc6 26. Be3 Qxb5 27. Rxb5 Nc3 28. Rb7 Rc7 29. Rxc7 Bxc7 30. Bd2 Nb1 31. Nb3 Na3 32. Be3 Bb6 33. Rc1 Nc4 34. Kf2 a4 35. Na1 f6 36. exf6 Re8 37. Nc2 Nxe3 38. Nxe3 Bxd4 39. Re1 gxf6 40. Kf3 Bxe3 41. Rxe3 Rxe3+ 42. Kxe3 Kf7 0-1

[Event "Barcelonca Manana FM"]
[Site "Barcelona"]
[Date "2020.08.07"]
[Round "7.3"]
[White "Fernandez Aguilar, Francisco"]
[Black "Sanchez Lopez, Juan Manuel"]
[Result "1-0"]
[WhiteElo "2151"]
[BlackElo "2100"]
[PlyCount "31"]
[EventDate "2020.08.01"]
[EventType "tourn"]
[EventRounds "9"]
[EventCountry "ESP"]
[SourceTitle "EXT 2024"]
[Source "ChessBase"]
[SourceDate "2023.10.10"]
[SourceVersion "1"]
[SourceVersionDate "2023.10.10"]
[SourceQuality "1"]

1. Nf3 d5 2. g3 c5 3. Bg2 Nc6 4. d4 Bg4 5. Ne5 Nxe5 6. dxe5 e6 7. c4 Qc7 8. cxd5 exd5 9. Qxd5 Rb8 10. Nc3 Ne7 11. Qe4 Bf5 12. Qf3 Be6 13. 0-0 Ng6 14. Bf4 a6 15. Ne4 Nxe5 16. Qh5 1-0

[Event "Barcelonca Manana FM"]
[Site "Barcelona"]
[Date "2020.08.06"]
[Round "6.3"]
[White "Cano Sevila, Ivan"]
[Black "Fernandez Aguilar, Francisco"]
[Result "1/2-1/2"]
[WhiteElo "2027"]
[BlackElo "2151"]
[PlyCount "39"]
[EventDate "2020.08.01"]
[EventType "tourn"]
[EventRounds "9"]
[EventCountry "ESP"]
[SourceTitle "EXT 2024"]
[Source "ChessBase"]
[SourceDate "2023.10.10"]
[SourceVersion "1"]
[SourceVersionDate "2023.10.10"]
[SourceQuality "1"]

1. Nf3 Nf6 2. b3 d5 3. Bb2 Bg4 4. e3 e6 5. Be2 Be7 6. 0-0 0-0 7. Ne5 Bxe2 8. Qxe2 c6 9. d3 a5 10. a3 Nfd7 11. f4 c5 12. Nd2 a4 13. Rf3 axb3 14. cxb3 Nxe5 15. fxe5 f6 16. exf6 Bxf6 17. Raf1 Nd7 18. Bxf6 Rxf6 19. a4 Qe7 20. e4 1/2-1/2

[Event "Barcelonca Manana FM"]
[Site "Barcelona"]
[Date "2020.08.03"]
[Round "3.5"]
[White "Fernandez Aguilar, Francisco"]
[Black "Prats Rodriguez, Juan Bosco"]
[Result "1-0"]
[WhiteElo "2151"]
[BlackElo "2020"]
[PlyCount "39"]
[EventDate "2020.08.01"]
[EventType "tourn"]
[EventRounds "9"]
[EventCountry "ESP"]
[SourceTitle "EXT 2024"]
[Source "ChessBase"]
[SourceDate "2023.10.10"]
[SourceVersion "1"]
[SourceVersionDate "2023.10.10"]
[SourceQuality "1"]

1. Nf3 d5 2. e3 Nf6 3. c4 dxc4 4. Bxc4 e6 5. 0-0 a6 6. Qe2 c5 7. Rd1 b5 8. Bb3 Bb7 9. a4 b4 10. d3 Nc6 11. Nbd2 Be7 12. e4 Qc7 13. Nc4 Rd8 14. g3 Nh5 15. Be3 Na5 16. Nxa5 Qxa5 17. Ne5 Nf6 18. Nc4 Qc7 19. Bf4 Qd7 20. a5 1-0

[Event "Sabadell op-B 12th"]
[Site "Sabadell"]
[Date "2019.09.09"]
[Round "8"]
[White "Garcia Gil, Oriol"]
[Black "Fernandez Aguilar, Francisco"]
[Result "0-1"]
[WhiteElo "1629"]
[BlackElo "2040"]
[PlyCount "64"]
[EventDate "2019.09.02"]
[EventType "swiss"]
[EventRounds "9"]
[EventCountry "ESP"]
[SourceTitle "EXT 2021"]
[Source "ChessBase"]
[SourceDate "2020.10.23"]
[SourceVersion "1"]
[SourceVersionDate "2020.10.23"]
[SourceQuality "1"]

1. e4 e5 2. Nf3 Nc6 3. Bb5 a6 4. Ba4 Nf6 5. d3 b5 6. Bb3 Be7 7. 0-0 d6 8. c3 Na5 9. Bc2 c5 10. Re1 Nc6 11. Nbd2 0-0 12. Nf1 h6 13. Ng3 Be6 14. h3 Re8 15. Be3 d5 16. d4 cxd4 17. cxd4 exd4 18. Nxd4 Nxd4 19. Bxd4 dxe4 20. Nxe4 Nxe4 21. Bxe4 Rc8 22. b3 Bb4 23. Re3 Qh4 24. Bf3 Red8 25. Re4 Qg5 26. h4 Qg6 27. Qe2 Bf5 28. Rf4 Bd6 29. Rxf5 Qxf5 30. Bg4 Qf4 31. g3 Qxd4 32. Rd1 Qe5 0-1

[Event "Sabadell op-B 12th"]
[Site "Sabadell"]
[Date "2019.09.07"]
[Round "6"]
[White "Borrellas Comellas, Josep"]
[Black "Fernandez Aguilar, Francisco"]
[Result "1/2-1/2"]
[WhiteElo "1943"]
[BlackElo "2040"]
[PlyCount "40"]
[EventDate "2019.09.02"]
[EventType "swiss"]
[EventRounds "9"]
[EventCountry "ESP"]
[SourceTitle "EXT 2021"]
[Source "ChessBase"]
[SourceDate "2020.10.23"]
[SourceVersion "1"]
[SourceVersionDate "2020.10.23"]
[SourceQuality "1"]

1. e4 c5 2. Nf3 d6 3. d4 cxd4 4. Nxd4 Nf6 5. Nc3 g6 6. g3 Bg7 7. Bg2 0-0 8. 0-0 Nc6 9. Nxc6 bxc6 10. e5 dxe5 11. Qxd8 Rxd8 12. Bxc6 Rb8 13. Rd1 Rd6 14. Rxd6 exd6 15. Nd5 Be6 16. c4 Kf8 17. b3 Rc8 18. Bb7 Rb8 19. Bc6 Rc8 20. Bb7 Rb8 1/2-1/2

[Event "ESP-ch rapid"]
[Site "Linares"]
[Date "2019.08.24"]
[Round "2"]
[White "Jimenez Martinez, Jose Vicente"]
[Black "Fernandez Aguilar, Francisco"]
[Result "1-0"]
[WhiteElo "2264"]
[BlackElo "2064"]
[PlyCount "84"]
[EventDate "2019.08.24"]
[EventType "swiss (rapid)"]
[EventRounds "9"]
[EventCountry "ESP"]
[SourceTitle "EXT 2020"]
[Source "ChessBase"]
[SourceDate "2019.10.17"]
[SourceVersion "1"]
[SourceVersionDate "2019.10.17"]
[SourceQuality "1"]

1. d4 d5 2. c4 c6 3. Nf3 Nf6 4. Nc3 dxc4 5. a4 Bf5 6. e3 e6 7. Bxc4 Bb4 8. 0-0 0-0 9. Qb3 Qe7 10. Ne5 Bg4 11. f3 Bh5 12. g4 Bg6 13. Nxg6 hxg6 14. e4 c5 15. d5 exd5 16. Nxd5 Nxd5 17. Bxd5 Nc6 18. Bxc6 bxc6 19. Be3 Rfd8 20. Rad1 Rxd1 21. Rxd1 Rd8 22. Rd3 Rxd3 23. Qxd3 Qf6 24. Qe2 Kh7 25. Kg2 a5 26. Qc2 Qe5 27. b3 Kg8 28. f4 Qa1 29. e5 Qe1 30. Bf2 Qa1 31. h3 Bc3 32. e6 fxe6 33. Qxg6 Bd4 34. Qxe6+ Kh7 35. Qe4+ Kg8 36. Qc2 Bxf2 37. Kxf2 Qd4+ 38. Kf3 Qd5+ 39. Kg3 Kh8 40. Qc3 Kh7 41. g5 Qd4 42. Qf3 Qg1+ 1-0

[Event "Barcelona Sant Marti op 21st"]
[Site "Barcelona"]
[Date "2019.07.19"]
[Round "7"]
[White "Mahajan, Ayush"]
[Black "Fernandez Aguilar, Francisco"]
[Result "1-0"]
[WhiteElo "1605"]
[BlackElo "2117"]
[PlyCount "97"]
[EventDate "2019.07.13"]
[EventType "swiss"]
[EventRounds "9"]
[EventCountry "ESP"]
[SourceTitle "EXT 2020"]
[Source "ChessBase"]
[SourceDate "2019.10.17"]
[SourceVersion "1"]
[SourceVersionDate "2019.10.17"]
[SourceQuality "1"]

1. e4 e5 2. Nf3 Nc6 3. d4 exd4 4. Nxd4 d6 5. Nxc6 bxc6 6. c4 g6 7. Bd3 Bg7 8. 0-0 c5 9. Qc2 Rb8 10. Nc3 Ne7 11. Qa4+ Bd7 12. Qxa7 Ra8 13. Qb7 Rb8 14. Qa6 0-0 15. Nd5 Nc6 16. Qa4 Nd4 17. Qd1 c6 18. Nc3 Qa5 19. Rb1 f5 20. Bg5 Rf7 21. Qd2 Ne6 22. Bh6 f4 23. Bxg7 Kxg7 24. f3 Nd4 25. Rfd1 g5 26. b3 Ra8 27. Rb2 Qd8 28. Ne2 Ne6 29. Bb1 Qf6 30. Qc3 Qe5 31. Rxd6 Kf6 32. Rd3 h5 33. Rbd2 Be8 34. Qxe5+ Kxe5 35. Nc3 g4 36. Na4 Ra6 37. Rd6 Rxa4 38. bxa4 Nd4 39. Rd8 Bd7 40. Kf2 gxf3 41. gxf3 Rg7 42. Bd3 h4 43. Bf1 h3 44. Rh8 Be6 45. Rh5+ Kd6 46. a5 Rg8 47. a6 Ra8 48. Rd3 Rxa6 49. Rxd4+ 1-0